[Event "Stay Safe Play From Home 214"]
[Site "T#646695Emanuel Laske"]
[Date "2020.06.10"]
[Round "8"]
[White "Klasman"]
[Black "Haris kollari 13"]
[Result "0-1"]
[WhiteElo "1407"]
[BlackElo "1749"]
[Annotator "NA RC"]
[PlyCount "54"]
[EventDate "2020.06.10"]
[EventType "swiss (blitz)"]

1. f4 {[%emt 0:00:01]} e6 {[%emt 0:00:00]} 2. e3 {[%emt 0:00:01]} d6 {[%emt 0:00:00]} 3. Nf3 {[%emt 0:00:01]} c5 {[%emt 0:00:01]} 4. d4 {[%emt 0:00:01]} cxd4 {[%emt 0:00:02]} 5. Nxd4 {[%emt 0:00:01]} Nc6 {[%emt 0:00:01]} 6. Bb5 {[%emt 0:00:02]} Bd7 {[%emt 0:00:01]} 7. Bxc6 {[%emt 0:00:01]} bxc6 {[%emt 0:00:01]} 8. O-O {[%emt 0:00:02]} c5 {[%emt 0:00:01]} 9. Nf3 {[%emt 0:00:01]} Be7 {[%emt 0:00:01]} 10. Nc3 {[%emt 0:00:01]} Nf6 {[%emt 0:00:01]} 11. e4 {[%emt 0:00:01]} Bc6 {[%emt 0:00:03]} 12. Qe2 {[%emt 0:00:03]} O-O {[%emt 0:00:03]} 13. h3 {[%emt 0:00:01]} Re8 {[%emt 0:00:03]} 14. g4 {[%emt 0:00:01]} Qb6 {[%emt 0:00:02]} 15. g5 {[%emt 0:00:02]} Nd7 {[%emt 0:00:01]} 16. h4 {[%emt 0:00:02]} a5 {[%emt 0:00:02]} 17. h5 {[%emt 0:00:01]} a4 {[%emt 0:00:02]} 18. g6 {[%emt 0:00:02]} fxg6 {[%emt 0:00:02]} 19. hxg6 {[%emt 0:00:01]} hxg6 {[%emt 0:00:01]} 20. Qg2 {[%emt 0:00:03]} Nf8 {[%emt 0:00:02]} 21. f5 {[%emt 0:00:04]} exf5 {[%emt 0:00:02]} 22. exf5 {[%emt 0:00:02]} gxf5 {[%emt 0:00:01]} 23. Qh3 {[%emt 0:00:04]} Bf6 {[%emt 0:00:01]} 24. Bg5 {[%emt 0:00:03]} Qxb2 {[%emt 0:00:10]} 25. Ne2 {[%emt 0:00:05]} Rxe2 {[%emt 0:00:05]} 26. Bxf6 {[%emt 0:00:04]} Qxf6 {[%emt 0:00:02]} 27. Nh4 {[%emt 0:00:04]} Qg5+ {[%emt 0:00:03] Time (Lag: Av=0.43s, max=0.5s) .} 0-1

[Event "Stay Safe Play From Home 214"]
[Site "T#646695Emanuel Laske"]
[Date "2020.06.10"]
[Round "9"]
[White "BrainThinker22"]
[Black "Castlingarrocco"]
[Result "1-0"]
[WhiteElo "2241"]
[BlackElo "2067"]
[Annotator "NA RC"]
[PlyCount "171"]
[EventDate "2020.06.10"]
[EventType "swiss (blitz)"]

1. e4 {[%emt 0:00:01]} g6 {[%emt 0:00:01]} 2. Nc3 {[%emt 0:00:01]} Bg7 {[%emt 0:00:00]} 3. g3 {[%emt 0:00:00]} d6 {[%emt 0:00:00]} 4. d3 {[%emt 0:00:00]} e6 {[%emt 0:00:00]} 5. Bg2 {[%emt 0:00:00]} Ne7 {[%emt 0:00:01]} 6. Be3 {[%emt 0:00:00]} Nd7 {[%emt 0:00:01]} 7. Qd2 {[%emt 0:00:00]} c5 {[%emt 0:00:00]} 8. Bh6 {[%emt 0:00:00]} O-O {[%emt 0:00:00]} 9. h4 {[%emt 0:00:01]} f5 {[%emt 0:00:01]} 10. h5 {[%emt 0:00:01]} Rf7 {[%emt 0:00:01]} 11. Bxg7 {[%emt 0:00:01]} Rxg7 {[%emt 0:00:00]} 12. hxg6 {[%emt 0:00:00]} Nxg6 {[%emt 0:00:00]} 13. O-O-O {[%emt 0:00:02]} e5 {[%emt 0:00:01]} 14. exf5 {[%emt 0:00:01]} Ne7 {[%emt 0:00:01]} 15. Bd5+ {[%emt 0:00:03]} Nxd5 {[%emt 0:00:02]} 16. Nxd5 {[%emt 0:00:00]} Nf6 {[%emt 0:00:00]} 17. Ne3 {[%emt 0:00:07]} Qe7 {[%emt 0:00:02]} 18. g4 {[%emt 0:00:02]} d5 {[%emt 0:00:01]} 19. f3 {[%emt 0:00:01]} d4 {[%emt 0:00:01]} 20. Nc4 {[%emt 0:00:01]} Bd7 {[%emt 0:00:01]} 21. Ne2 {[%emt 0:00:01]} b5 {[%emt 0:00:01]} 22. Na3 {[%emt 0:00:03]} c4 {[%emt 0:00:01]} 23. dxc4 {[%emt 0:00:01]} bxc4 {[%emt 0:00:00]} 24. Nxc4 {[%emt 0:00:00]} Rc8 {[%emt 0:00:00]} 25. Na3 {[%emt 0:00:04]} Bc6 {[%emt 0:00:02]} 26. Rdf1 {[%emt 0:00:01]} e4 {[%emt 0:00:02]} 27. g5 {[%emt 0:00:03]} e3 {[%emt 0:00:01]} 28. Qd3 {[%emt 0:00:01]} Nd5 {[%emt 0:00:01]} 29. f6 {[%emt 0:00:02]} Nxf6 {[%emt 0:00:01]} 30. gxf6 {[%emt 0:00:00]} Qxf6 {[%emt 0:00:00]} 31. Qxd4 {[%emt 0:00:00]} Qxd4 {[%emt 0:00:01]} 32. Nxd4 {[%emt 0:00:00]} Bb7 {[%emt 0:00:01]} 33. Rhg1 {[%emt 0:00:03]} Rf8 {[%emt 0:00:01]} 34. Rxg7+ {[%emt 0:00:01]} Kxg7 {[%emt 0:00:00]} 35. Nc4 {[%emt 0:00:01]} Ba6 {[%emt 0:00:01]} 36. b3 {[%emt 0:00:02]} Rd8 {[%emt 0:00:01]} 37. c3 {[%emt 0:00:00]} Re8 {[%emt 0:00:02]} 38. Re1 {[%emt 0:00:01]} Kf6 {[%emt 0:00:01]} 39. Rxe3 {[%emt 0:00:01]} Rg8 {[%emt 0:00:01]} 40. Re6+ {[%emt 0:00:00]} Kg5 {[%emt 0:00:01]} 41. Rxa6 {[%emt 0:00:00]} Kf4 {[%emt 0:00:01]} 42. Rxa7 {[%emt 0:00:02]} Rg1+ {[%emt 0:00:01]} 43. Kb2 {[%emt 0:00:00]} Kg3 {[%emt 0:00:01]} 44. Ka3 {[%emt 0:00:00]} Kf2 {[%emt 0:00:00]} 45. Rxh7 {[%emt 0:00:01]} Ra1 {[%emt 0:00:00]} 46. Nc2 {[%emt 0:00:03]} Rg1 {[%emt 0:00:01]} 47. Rh2+ {[%emt 0:00:00]} Kg3 {[%emt 0:00:01]} 48. Rd2 {[%emt 0:00:00]} Kf4 {[%emt 0:00:01]} 49. Nd4 {[%emt 0:00:01]} Kg5 {[%emt 0:00:02]} 50. Rb2 {[%emt 0:00:00]} Kf6 {[%emt 0:00:00]} 51. Ne3 {[%emt 0:00:01]} Rg8 {[%emt 0:00:00]} 52. Nd5+ {[%emt 0:00:00]} Ke5 {[%emt 0:00:01]} 53. Rc2 {[%emt 0:00:00]} Kd6 {[%emt 0:00:00]} 54. Kb2 {[%emt 0:00:00]} Kc5 {[%emt 0:00:00]} 55. Nb4 {[%emt 0:00:00]} Rg2 {[%emt 0:00:01]} 56. Ne6+ {[%emt 0:00:00]} Kb5 {[%emt 0:00:02]} 57. Rxg2 {[%emt 0:00:00]} Kb6 {[%emt 0:00:01]} 58. Rc2 {[%emt 0:00:00]} Kb7 {[%emt 0:00:01]} 59. Nd4 {[%emt 0:00:00]} Kb8 {[%emt 0:00:00]} 60. Ne2 {[%emt 0:00:00]} Kb7 {[%emt 0:00:00]} 61. Ng1 {[%emt 0:00:00]} Kb8 {[%emt 0:00:00]} 62. Nd3 {[%emt 0:00:00]} Kb7 {[%emt 0:00:00]} 63. Ne1 {[%emt 0:00:00]} Kb8 {[%emt 0:00:00]} 64. Re2 {[%emt 0:00:00]} Kb7 {[%emt 0:00:00]} 65. Nd3 {[%emt 0:00:00]} Kb8 {[%emt 0:00:00]} 66. Nc1 {[%emt 0:00:00]} Kb7 {[%emt 0:00:00]} 67. Rd2 {[%emt 0:00:00]} Kb8 {[%emt 0:00:00]} 68. Nce2 {[%emt 0:00:00]} Kb7 {[%emt 0:00:00]} 69. Nd4 {[%emt 0:00:00]} Kb8 {[%emt 0:00:00]} 70. Nc2 {[%emt 0:00:00]} Kb7 {[%emt 0:00:00]} 71. Na3 {[%emt 0:00:00]} Kb8 {[%emt 0:00:00]} 72. Nb1 {[%emt 0:00:00]} Kb7 {[%emt 0:00:00]} 73. Kc2 {[%emt 0:00:00]} Kb8 {[%emt 0:00:00]} 74. Kd3 {[%emt 0:00:00]} Kb7 {[%emt 0:00:00]} 75. Ke3 {[%emt 0:00:00]} Kb8 {[%emt 0:00:00]} 76. f4 {[%emt 0:00:00]} Kb7 {[%emt 0:00:00]} 77. f5 {[%emt 0:00:00]} Kb8 {[%emt 0:00:00]} 78. f6 {[%emt 0:00:00]} Kb7 {[%emt 0:00:00]} 79. f7 {[%emt 0:00:00]} Kb8 {[%emt 0:00:00]} 80. f8=Q+ {[%emt 0:00:00]} Kb7 {[%emt 0:00:00]} 81. Qf4 {[%emt 0:00:00]} Ka6 {[%emt 0:00:00]} 82. Qe4 {[%emt 0:00:00]} Ka5 {[%emt 0:00:00]} 83. Rd5+ {[%emt 0:00:00]} Kb6 {[%emt 0:00:01]} 84. Qe6+ {[%emt 0:00:00]} Kc7 {[%emt 0:00:00]} 85. Rd7+ {[%emt 0:00:00]} Kb8 {[%emt 0:00:01]} 86. Qe8# {[%emt 0:00:00] (Lag: Av=0.36s, max=1.0s)} 1-0

[Event "Stay Safe Play From Home 214"]
[Site "T#646695Emanuel Laske"]
[Date "2020.06.10"]
[Round "9"]
[White "Toosieslide"]
[Black "Matanant"]
[Result "1-0"]
[WhiteElo "2227"]
[BlackElo "1613"]
[Annotator "TA"]
[PlyCount "53"]
[EventDate "2020.06.10"]
[EventType "swiss (blitz)"]

{[%evp 9,53,12,25,18,39,2,41,-22,-10,-10,-7,-8,-16,-113,-122,-126,52,-10,31,32,32,0,10,5,20,-1,18,-1,136,127,428,429,456,459,453,112,111,105,246,156,150,167,245,245,243,188]} 1. d4 e6 2. c3 f5 3. Nf3 Nf6 4. g3 d5 5. Bg2 Be7 6. O-O {A80: Dutch Defence: Unusual White second moves.} O-O 7. Ne5 {[#]} Bd7 $146 ({Predecessor:} 7... Nbd7 8. Nxd7 Bxd7 9. Nd2 c5 10. Nf3 cxd4 11. Nxd4 Kh8 12. Bf4 b5 13. Qb3 Qb6 14. Be3 {1-0 (34) Galopoulos,N (2353)-De Coninck,R (2172) Aghios Kirykos 2015}) 8. f3 (8. c4 $14) 8... Be8 9. Nd2 Nbd7 10. e4 fxe4 11. fxe4 (11. Nxd7 $11 Qxd7 12. fxe4) 11... Nxe5 $17 12. dxe5 Nd7 $2 ({Black should play} 12... Bc5+ $17 13. Kh1 Bh5) 13. Rxf8+ (13. exd5 $14 Rxf1+ 14. Nxf1 (14. Qxf1 Nxe5 15. Qe2 Bf6 $14)) 13... Bxf8 14. exd5 Nxe5 15. dxe6 Bc5+ 16. Kh1 Bc6 17. Bxc6 (17. Qe2 $5 {[%cal Re2e5]} Bxg2+ 18. Kxg2 Qd5+ 19. Qe4 Qxe6 20. Nb3 $11) 17... Nxc6 18. Qf3 Qd6 {[#]} (18... Ne5 $11 19. Qe2 (19. Qxb7 c6 $15) 19... Qd5+ 20. Qe4 Qd6) 19. Ne4 $1 $36 {[%cal Re4d6][%mdl 2048] White has strong initiative.} ({Not} 19. b4 Bb6 $11) 19... Qe7 $2 {[%mdl 8192] [#]} (19... Ne5 $16) 20. Bg5 $1 $18 {[%cal Rg5e7]} Qf8 {[%cal Rf8f3] [#]} 21. Qf7+ $1 {[%mdl 512]} Kh8 (21... Qxf7 22. exf7+) 22. Qxf8+ $2 (22. Nxc5 $18 Qxc5 23. e7 Nxe7 24. Bxe7 Qc6+ 25. Kg1) 22... Bxf8 $16 23. Rf1 Be7 (23... Re8 $16 {was necessary.}) 24. Rf7 {White is clearly better.} Bxg5 25. Nxg5 Re8 (25... Rc8 {might work better.} 26. Rd7 Kg8) 26. Rxc7 $18 {Strongly threatening Nf7+.} h6 27. Nf7+ {Accuracy: White = 50%, Black = 42%.} 1-0

[Event "Stay Safe Play From Home 214"]
[Site "T#646695Emanuel Laske"]
[Date "2020.06.10"]
[Round "9"]
[White "SoulofWolf"]
[Black "Grizzzly"]
[Result "1-0"]
[WhiteElo "2205"]
[BlackElo "1769"]
[Annotator "TA"]
[PlyCount "29"]
[EventDate "2020.06.10"]
[EventType "swiss (blitz)"]

{[%evp 9,29,-44,8,4,20,14,15,5,24,30,87,66,81,-229,40,41,49,0,0,0,752,730]} 1. Nf3 d6 2. c4 e5 3. b3 Nf6 4. Bb2 Be7 5. d4 {[#]} O-O $146 ({Better is} 5... e4 $15 6. Nfd2 e3 7. fxe3 O-O) ({Predecessor:} 5... e4 6. Nfd2 e3 7. fxe3 Ng4 8. g3 Nxe3 9. Qc1 Bg5 10. Nf3 Bh6 11. Qc3 Bf5 12. Na3 {0-1 (23) Dang,T (2261)-Cao,S (2535) Dong Nai 1995}) 6. dxe5 {A05: Réti Opening: 1 Nf3 Nf6.} dxe5 7. Qxd8 Rxd8 8. Nxe5 {The position is equal.} Bf5 {aiming for ...Bxb1.} 9. f3 Bc2 (9... Bxb1 $11 10. Rxb1 a5) 10. Na3 Bg6 {[#]} 11. e4 $2 {[%mdl 8192]} ({Much weaker is} 11. Nxg6 $6 Bb4+ 12. Kf2 Bc5+ 13. Ke1 Bb4+ 14. Kf2 Bc5+ 15. Ke1 Bb4+ 16. Kf2 $11) (11. Nb5 $1 $16) 11... Nc6 $2 (11... Bb4+ $19 12. Kf2 Rd2+ {[%mdl 64] Double Attack} 13. Be2 Rxb2) 12. Nxc6 $14 bxc6 13. Be2 Bb4+ 14. Kf2 Rd3 $2 {[%mdl 8192] [#]} (14... Bxe4 $11 15. fxe4 Nxe4+ 16. Ke3 Bc5+ 17. Kxe4 Re8+ 18. Kd3 (18. Be5 Bxa3 19. Kf4 f6 $11) 18... Rad8+ 19. Kc2 Rxe2+ {[%mdl 64] Double Attack} 20. Kb1 Rxg2) 15. Bxd3 {Accuracy: White = 60%, Black = 33%.} 1-0

[Event "Stay Safe Play From Home 214"]
[Site "T#646695Emanuel Laske"]
[Date "2020.06.10"]
[Round "9"]
[White "Lazieri3"]
[Black "Lamborghini"]
[Result "0-1"]
[WhiteElo "1977"]
[BlackElo "2182"]
[Annotator "TA"]
[PlyCount "50"]
[EventDate "2020.06.10"]
[EventType "swiss (blitz)"]

{[%evp 10,50,67,69,178,41,60,54,119,119,124,84,89,0,245,208,237,233,320,308,296,202,804,777,812,381,456,350,435,375,367,378,371,123,231,-536,-534,-790,-781,-1134,-1100,-1091,-1084]} 1. e4 g6 2. Nc3 Bg7 3. d4 c5 4. Be3 Qa5 5. Nf3 Nf6 6. Qd2 (6. dxc5 $6 Nxe4 7. Bd4 Nxc3 $15) 6... Ng4 {[#] B27: Sicilian: 2 Nf3, unusual Black 2nd moves.} (6... cxd4 $14 7. Nxd4 Nc6) 7. dxc5 $146 ({Better is} 7. Nd5 $1 $18 Qd8 8. Bf4) ({Predecessor:} 7. Nd5 Qd8 8. Bf4 d6 9. h3 e6 10. hxg4 exd5 11. Bb5+ Kf8 12. dxc5 dxc5 13. O-O-O d4 14. e5 {1-0 (34) Froewis,A (2136)-Alvir,A (2338) Playchess.com INT 2020}) 7... Nxe3 8. Qxe3 ({Reject} 8. fxe3 Qxc5 9. O-O-O O-O $11) 8... Na6 (8... b6 $14) 9. Bxa6 $1 $16 bxa6 10. O-O Bb7 11. Rfe1 (11. Nd2 $16) 11... Kf8 $2 {[#]} (11... Rc8 $11 {and Black has nothing to worry.}) 12. Rad1 Bc6 13. Nd4 Rc8 14. Nxc6 dxc6 15. Rd7 Bf6 $2 (15... Bxc3 16. bxc3 (16. Qxc3 Qxc3 17. bxc3 Rb8 $16) 16... Re8) 16. e5 $18 Bg7 17. Qg5 (17. Qd4 $142 {aiming for b4.} Kg8 18. Qc4) 17... Re8 18. h4 h6 19. Qe3 Qb4 20. b3 Qxh4 21. Ne4 $2 (21. Ne2 $18 {and White stays clearly on top.}) 21... Qg4 (21... Bxe5 $16 {might work better.} 22. g3 Qh3 23. Rxa7 Kg7) 22. f3 $4 {[%mdl 8192]} ({Don't do} 22. Rxa7 Bxe5 23. Rxa6 Rc8) (22. Qd4 $18 {avoids the disaster.}) 22... Qxd7 $19 {Black is clearly winning.} 23. e6 Qxe6 24. Nc3 Qxe3+ 25. Rxe3 Bd4 {[%mdl 64] Double Attack. Accuracy: White = 19%, Black = 27%.} 0-1

[Event "Stay Safe Play From Home 214"]
[Site "T#646695Emanuel Laske"]
[Date "2020.06.10"]
[Round "9"]
[White "Haxhi Baha"]
[Black "Klasman"]
[Result "1-0"]
[WhiteElo "1966"]
[BlackElo "1403"]
[Annotator "TA"]
[PlyCount "39"]
[EventDate "2020.06.10"]
[EventType "swiss (blitz)"]

{[%evp 9,39,44,25,33,0,0,113,111,147,62,132,97,357,344,364,355,455,300,713,711,1037,1027,1161,1152,1492,1458,2237,1893,29987,2112,29973,6660]} 1. e4 f5 2. exf5 Nf6 3. d4 d5 4. Bd3 c5 {[#]} 5. Bg5 $146 ({Predecessor:} 5. c3 c4 6. Bc2 e6 7. Nf3 exf5 8. O-O Be7 9. Re1 O-O 10. Ne5 Nbd7 11. f4 {0-1 (19) King,O (1279)-Wong,H (2032) Hong Kong 2019}) 5... c4 6. Bxf6 {B00: Queen's Fianchetto Defence, Nimzowitsch Defence.} exf6 7. Qh5+ Kd7 (7... Ke7 $1 $11 {remains equal.} 8. Be2 Qb6 {[%mdl 64] Double Attack}) 8. Be2 $16 {White is better.} Nc6 9. Nf3 (9. Nc3 $16) 9... Bd6 ({Black should play} 9... Qe8 $14 10. Qxe8+ Kxe8) 10. Nc3 g6 $2 {[%mdl 8192] This costs Black the game.} (10... Ne7 $16 {was called for.}) 11. fxg6 $18 {g7 is the strong threat.} hxg6 12. Qxd5 ({Don't do} 12. Qxg6 Bb4 $18) 12... Nb4 13. Qb5+ Nc6 $2 (13... Ke7 14. O-O-O (14. Bxc4 a6 $16) 14... a6 15. Qxc4 Bf5) 14. d5 {[%mdl 64] Pin} a6 15. dxc6+ bxc6 16. Qxc4 a5 17. O-O-O {Threatening mate with Qf7+.} Kc7 18. Nd4 Ba6 19. Ne6+ (19. Qxc6+ $142 Kb8 20. Bxa6 Bf4+ 21. Kb1 Ra7 {[#]} 22. Ndb5 $1 {[%mdl 576] Discovered Attack} Qc8 23. Bxc8 Rxc8 24. Rd8 $1 {[%mdl 512]}) 19... Kb6 20. Na4+ {Accuracy: White = 55%, Black =  4%.} 1-0

[Event "Stay Safe Play From Home 214"]
[Site "T#646695Emanuel Laske"]
[Date "2020.06.10"]
[Round "9"]
[White "Haris kollari 13"]
[Black "Mepe_Nika"]
[Result "0-1"]
[WhiteElo "1753"]
[BlackElo "2392"]
[Annotator "NA RC"]
[PlyCount "54"]
[EventDate "2020.06.10"]
[EventType "swiss (blitz)"]

1. e4 {[%emt 0:00:01]} e5 {[%emt 0:00:02]} 2. f4 {[%emt 0:00:01]} d5 {[%emt 0:00:01]} 3. d4 {[%emt 0:00:01]} exf4 {[%emt 0:00:00]} 4. e5 {[%emt 0:00:01]} c5 {[%emt 0:00:01]} 5. c3 {[%emt 0:00:01]} Nc6 {[%emt 0:00:01]} 6. Nf3 {[%emt 0:00:01]} Bg4 {[%emt 0:00:01]} 7. Bxf4 {[%emt 0:00:01]} cxd4 {[%emt 0:00:02]} 8. cxd4 {[%emt 0:00:01]} Nge7 {[%emt 0:00:00]} 9. Nc3 {[%emt 0:00:05]} Nf5 {[%emt 0:00:01]} 10. Bb5 {[%emt 0:00:04]} Bb4 {[%emt 0:00:01]} 11. Bxc6+ {[%emt 0:00:01]} bxc6 {[%emt 0:00:00]} 12. O-O {[%emt 0:00:01]} O-O {[%emt 0:00:01]} 13. h3 {[%emt 0:00:01]} Bxf3 {[%emt 0:00:01]} 14. Rxf3 {[%emt 0:00:01]} Qb6 {[%emt 0:00:01]} 15. a3 {[%emt 0:00:05]} Nxd4 {[%emt 0:00:03]} 16. axb4 {[%emt 0:00:03]} Nxf3+ {[%emt 0:00:01]} 17. Kh1 {[%emt 0:00:04]} Nh4 {[%emt 0:00:01]} 18. Qg4 {[%emt 0:00:03]} Ng6 {[%emt 0:00:01]} 19. Bg3 {[%emt 0:00:05]} a5 {[%emt 0:00:02]} 20. bxa5 {[%emt 0:00:03]} Rxa5 {[%emt 0:00:00]} 21. Rf1 {[%emt 0:00:02]} Qxb2 {[%emt 0:00:07]} 22. Ne2 {[%emt 0:00:03]} Ra1 {[%emt 0:00:01]} 23. Rxa1 {[%emt 0:00:02]} Qxa1+ {[%emt 0:00:00]} 24. Kh2 {[%emt 0:00:01]} Nxe5 {[%emt 0:00:01]} 25. Qf5 {[%emt 0:00:05]} Ng6 {[%emt 0:00:02]} 26. h4 {[%emt 0:00:01]} Qf6 {[%emt 0:00:01]} 27. Qd7 {[%emt 0:00:02]} Nxh4 {[%emt 0:00:02] Time (Lag: Av=0.34s, max=0.6s)} 0-1